| 000 | 00555nam a2200181 i 4500 | ||
|---|---|---|---|
| 001 | 157795 | ||
| 003 | ES-MaACL | ||
| 005 | 20250813015837.0 | ||
| 008 | 931025s1878 it |||| | ita d | ||
| 245 | 0 | 0 |
_aLirici del secolo XVII _b: con cenni biografici. |
| 250 | _aEd. stereotipa. | ||
| 260 |
_aMilano : _bEdoardo Sonzogno, _c1878. |
||
| 300 |
_a350 p. ; _c19 cm. |
||
| 490 | 1 |
_aBiblioteca Classica Económica ; _v60 |
|
| 830 | 0 | 0 |
_aBiblioteca classica economica _v60 _9182054 |
| 852 |
_aES-MaACL _jF-10615 _z-- Enc. hol. |
||
| 999 |
_c157795 _d157795 |
||